| 000 | 01169nam a2200301 a 4500 | ||
|---|---|---|---|
| 001 | 000043508 | ||
| 003 | DO-SdBNP | ||
| 005 | 20251126125231.0 | ||
| 008 | 140320s2014 dr ac 000 0 spa d | ||
| 020 | _a9789945887631 | ||
| 040 |
_aDO-SdBNP _bspa _cBNPHU |
||
| 082 | 4 |
_a262.91 _bM671u _222 |
|
| 100 | 1 |
_aMirabal Rosario,Yoselman Rodwin, _d1969- _940026 |
|
| 245 | 1 | 0 |
_a¡Úsenme! : _b¿cómo aprovechar los recursos humanos en la iglesia / _cYoselman R. Mirabal ; prólogo Felipe Rincón Vásquez. |
| 260 |
_aSanto Domingo : _bMirabal Producciones, _c2014. |
||
| 300 |
_a106 p. : _bil., retrs. _c23 cm. |
||
| 500 | _aLa biblioteca posee 3 ejemplares autografiados por el autor. | ||
| 500 | _aIncluye datos biográficos del autor en las solapas de la cubierta. | ||
| 504 | _aIncluye bibliografía y notas al final de capítulos. | ||
| 590 | _aInventariado, 2018/ YL | ||
| 650 | 4 |
_aObras parroquiales _971213 |
|
| 650 | 4 |
_aIglesia y trabajo _971214 |
|
| 650 | 0 |
_aVida cristiana _9668 |
|
| 650 | 0 |
_aIglesia y problemas sociales _92371 |
|
| 700 | 1 | 2 |
_aRincón Vásquez, Felipe, _epról. _969321 |
| 910 | _aValidado. Control de calidad EMS. | ||
| 942 |
_2ddc _cLBS1 |
||
| 999 |
_c42997 _d42997 |
||